[Event "Schleswig Holstein-ch Seniors op 9th"]
[Site "Buesum"]
[Date "2015.10.05"]
[Round "7"]
[White "Smits, Oswald"]
[Black "Zechel, Rolf Ruediger"]
[Result "1-0"]
[WhiteElo "1866"]
[BlackElo "1645"]
[PlyCount "61"]
[EventDate "2015.09.28"]
[EventType "swiss"]
[EventRounds "9"]
[EventCountry "GER"]
[SourceTitle "EXT 2018"]
[Source "ChessBase"]
[SourceDate "2017.10.13"]
[SourceVersion "1"]
[SourceVersionDate "2017.10.13"]
[SourceQuality "1"]

1. d4 Nf6 2. Nf3 d5 3. e3 g6 4. Nbd2 Bg7 5. Bd3 0-0 6. b3 Nbd7 7. Bb2 c5 8. 0-0 cxd4 9. Bxd4 b6 10. e4 Nc5 11. Bxc5 bxc5 12. Rb1 e6 13. Qe1 Qc7 14. c4 Bb7 15. cxd5 exd5 16. exd5 Nxd5 17. Qc1 Nb4 18. Be4 Rac8 19. a3 Nd5 20. Qc2 Nc3 21. Bxb7 Qxb7 22. Rbe1 Rfd8 23. Re3 Nd5 24. Rd3 Qa6 25. Qc4 Qe6 26. Re1 Qf5 27. Ne4 Nb6 28. Rxd8+ Rxd8 29. Qxc5 Rd5 30. Qe7 Rd7 31. Qe8+ 1-0

[Event "Schleswig Holstein-ch Seniors op 9th"]
[Site "Buesum"]
[Date "2015.09.29"]
[Round "2"]
[White "Graffenberger, Marianne"]
[Black "Smits, Oswald"]
[Result "0-1"]
[WhiteElo "1540"]
[BlackElo "1866"]
[PlyCount "69"]
[EventDate "2015.09.28"]
[EventType "swiss"]
[EventRounds "9"]
[EventCountry "GER"]
[SourceTitle "EXT 2018"]
[Source "ChessBase"]
[SourceDate "2017.10.13"]
[SourceVersion "1"]
[SourceVersionDate "2017.10.13"]
[SourceQuality "1"]

1. e4 e5 2. Nf3 Nc6 3. Bb5 a6 4. Ba4 Nf6 5. d3 b5 6. Bb3 Be7 7. c3 0-0 8. 0-0 d6 9. Bg5 Na5 10. Bc2 h6 11. Bh4 c5 12. a3 Nc6 13. Nbd2 Be6 14. b4 Qc7 15. Bb3 Bxb3 16. Qxb3 Nh5 17. Bxe7 Nxe7 18. a4 Nf4 19. axb5 axb5 20. bxc5 Qxc5 21. c4 Ne2+ 22. Kh1 Rxa1 23. Rxa1 bxc4 24. Nxc4 Nc6 25. Ne3 Rb8 26. Qc4 Qb6 27. h3 Qb2 28. Rf1 Ncd4 29. Nxd4 Nxd4 30. Qd5 Qa3 31. Rd1 Rb5 32. Qc4 Rc5 33. Qxc5 Qxc5 34. Nd5 Qc2 35. f3 0-1

[Event "Wuertemberg-ch Seniors 27th"]
[Site "Freudenstadt"]
[Date "2015.07.10"]
[Round "9"]
[White "Grigat, Klaus Dieter"]
[Black "Smits, Oswald"]
[Result "1-0"]
[WhiteElo "1944"]
[BlackElo "1866"]
[PlyCount "99"]
[EventDate "2015.07.03"]
[EventType "swiss"]
[EventRounds "9"]
[EventCountry "GER"]
[SourceTitle "EXT 2016"]
[Source "ChessBase"]
[SourceDate "2015.10.08"]
[SourceVersion "1"]
[SourceVersionDate "2015.10.08"]
[SourceQuality "1"]

1. e4 e5 2. Nf3 Nc6 3. Bc4 Bc5 4. d3 d6 5. Nc3 Be6 6. Bxe6 fxe6 7. Na4 Bb6 8. Nxb6 axb6 9. Ng5 Qe7 10. 0-0 Nf6 11. f4 exf4 12. Bxf4 h6 13. Nf3 e5 14. Bg3 0-0-0 15. Nh4 Qe8 16. a4 Nh5 17. Be1 Nf6 18. a5 bxa5 19. Bxa5 Qh5 20. Qxh5 Nxh5 21. Bd2 Nf6 22. Ng6 Rhe8 23. Bxh6 Nh5 24. Bg5 Rd7 25. Nf8 Nf6 26. Nxd7 Nxd7 27. Rf7 Rg8 28. Raf1 Nd4 29. R1f2 Ne6 30. Be3 Nd8 31. R7f3 Ne6 32. c3 Nf6 33. Rxf6 gxf6 34. Rxf6 Kd7 35. h4 Ke7 36. Rf3 Rg4 37. g3 Rg8 38. Kg2 c6 39. Kh3 d5 40. exd5 cxd5 41. g4 Kd6 42. g5 Rf8 43. Rxf8 Nxf8 44. Kg4 Ke6 45. h5 Nh7 46. Bb6 e4 47. dxe4 dxe4 48. Bd4 Nf8 49. g6 Nd7 50. h6 1-0

[Event "Berlin-ch Seniors op 31st"]
[Site "Berlin"]
[Date "2015.02.07"]
[Round "9"]
[White "Huelle, Gunter"]
[Black "Smits, Oswald"]
[Result "1-0"]
[WhiteElo "1538"]
[BlackElo "1664"]
[PlyCount "101"]
[EventDate "2015.01.29"]
[EventType "swiss"]
[EventRounds "9"]
[EventCountry "GER"]
[SourceTitle "EXT 2018"]
[Source "ChessBase"]
[SourceDate "2017.10.13"]
[SourceVersion "1"]
[SourceVersionDate "2017.10.13"]
[SourceQuality "1"]

1. b4 e5 2. Bb2 d6 3. e3 Nf6 4. Be2 Be7 5. Nf3 0-0 6. 0-0 b6 7. b5 Bg4 8. h3 Bh5 9. d4 e4 10. Nfd2 Bxe2 11. Qxe2 a6 12. a4 a5 13. c4 Nbd7 14. Nc3 Re8 15. Ndxe4 Nxe4 16. Nxe4 f5 17. Ng3 Rf8 18. Nh5 Bg5 19. Qf3 Nf6 20. Nxf6+ Qxf6 21. Qc6 Qe7 22. Ba3 Rad8 23. c5 dxc5 24. dxc5 Rf6 25. Qf3 bxc5 26. Rfc1 f4 27. e4 Re6 28. Rxc5 Rxe4 29. Rxg5 Re1+ 30. Rxe1 Qxe1+ 31. Kh2 h6 32. Rd5 Re8 33. Rd1 Qe5 34. Qd5+ Qxd5 35. Rxd5 Re4 36. Bb2 Rxa4 37. Rd8+ Kf7 38. Rd7+ Ke6 39. Rxc7 Rb4 40. Bxg7 Rxb5 41. Bxh6 Rb4 42. Rc5 a4 43. Ra5 Rc4 44. h4 Kf6 45. Bg5+ Kg6 46. Kh3 Rd4 47. Kg4 Rd2 48. h5+ Kg7 49. h6+ Kg8 50. Ra8+ Kh7 51. Ra7+ 1-0

[Event "Berlin-ch Seniors op 31st"]
[Site "Berlin"]
[Date "2015.01.31"]
[Round "3"]
[White "Tuertmann, Dieter"]
[Black "Smits, Oswald"]
[Result "1/2-1/2"]
[WhiteElo "1871"]
[BlackElo "1664"]
[PlyCount "172"]
[EventDate "2015.01.29"]
[EventType "swiss"]
[EventRounds "9"]
[EventCountry "GER"]
[SourceTitle "EXT 2018"]
[Source "ChessBase"]
[SourceDate "2017.10.13"]
[SourceVersion "1"]
[SourceVersionDate "2017.10.13"]
[SourceQuality "1"]

1. Nf3 d5 2. e3 Nf6 3. b3 g6 4. Bb2 Bg7 5. Be2 0-0 6. d3 c5 7. 0-0 b6 8. Nbd2 Bb7 9. Re1 Nbd7 10. Nf1 Re8 11. c4 Nf8 12. Ng3 dxc4 13. bxc4 N6d7 14. Bxg7 Kxg7 15. Qc2 Qc7 16. Qc3+ Kg8 17. Rac1 Rad8 18. Red1 e5 19. h4 h5 20. Ng5 Ne6 21. N3e4 f6 22. Nxe6 Rxe6 23. Bf3 Qb8 24. Qc2 Qa8 25. Qe2 f5 26. Ng5 Bxf3 27. gxf3 Rd6 28. Qb2 Re8 29. Kf1 Qd8 30. Rd2 Nf6 31. Ke2 f4 32. Rg1 Kg7 33. Qc3 Qe7 34. Kd1 Qd7 35. Kc2 Qd8 36. a3 Rd7 37. Re1 Kh6 38. Rg1 Qe7 39. Re2 Qd8 40. exf4 Rde7 41. fxe5 Nh7 42. f4 Nxg5 43. fxg5+ Kh7 44. f4 Rf8 45. Re4 Qd7 46. Rg3 Rd8 47. Qd2 Qf5 48. Qe2 Re6 49. Kc3 Qf8 50. Qe3 Qe8 51. Kb2 Qc6 52. Qe2 Rf8 53. d4 cxd4 54. Rxd4 Rc8 55. Qe4 Qxe4 56. Rxe4 Rec6 57. Kb3 a5 58. Rd3 Rc5 59. Rd7+ Kg8 60. e6 b5 61. cxb5 Rxb5+ 62. Ka4 Rf5 63. Ra7 Rfc5 64. Rf7 Re8 65. Rf6 Kg7 66. Rd4 Re7 67. Rd7 Rxd7 68. exd7 Rd5 69. d8Q Rxd8 70. Kxa5 Rd5+ 71. Kb4 Rd4+ 72. Kc3 Re4 73. Kb3 Re3+ 74. Kb4 Rh3 75. a4 Rxh4 76. a5 Rh1 77. f5 gxf5 78. Rxf5 Rb1+ 79. Kc4 Kg6 80. Rb5 Rc1+ 81. Kd4 h4 82. Ke4 h3 83. Rb2 Kxg5 84. Kf3 h2 85. Rxh2 Ra1 86. Rg2+ Kf6 1/2-1/2

[Event "Hessen-ch Seniors op 10th"]
[Site "Bad Sooden-Allendorf"]
[Date "2014.04.29"]
[Round "4"]
[White "Smits, Oswald"]
[Black "Berger, Volkmar"]
[Result "1/2-1/2"]
[WhiteElo "1925"]
[BlackElo "1777"]
[PlyCount "94"]
[EventDate "2014.04.26"]
[EventType "swiss"]
[EventRounds "9"]
[EventCountry "GER"]
[SourceTitle "EXT 2018"]
[Source "ChessBase"]
[SourceDate "2017.10.13"]
[SourceVersion "1"]
[SourceVersionDate "2017.10.13"]
[SourceQuality "1"]

1. d4 Nf6 2. Nf3 g6 3. Nc3 Bg7 4. e4 d6 5. h3 0-0 6. Be3 e6 7. Qd2 Nc6 8. 0-0-0 e5 9. dxe5 dxe5 10. Qe1 Qe8 11. Bc5 Ne7 12. Nxe5 Nd7 13. Nxd7 Bxd7 14. Nd5 Nxd5 15. Bxf8 Kxf8 16. exd5 Qd8 17. Qb4+ Kg8 18. Qf4 Bf5 19. f3 Qf6 20. Qb4 b6 21. g4 c5 22. dxc6 Be6 23. Qa3 b5 24. c7 Qf4+ 25. Kb1 Qxc7 26. Qd6 Qa5 27. a3 Bf8 28. Qe5 Bg7 29. Qxb5 Qxb5 30. Bxb5 Rb8 31. c4 a6 32. Bxa6 Rxb2+ 33. Kc1 Ra2 34. Rd8+ Bf8 35. Rhd1 Rxa3 36. Bb5 Rxf3 37. R1d3 Rf4 38. R8d4 Rf2 39. Kb1 Be7 40. Rd2 Rf3 41. R4d3 Rf4 42. Rc2 h5 43. gxh5 Bf5 44. Rdd2 gxh5 45. Rg2+ Kf8 46. Ka2 Bxc2 47. Rxc2 Rf3 1/2-1/2

[Event "Hessen-ch Seniors op 10th"]
[Site "Bad Sooden-Allendorf"]
[Date "2014.04.26"]
[Round "1"]
[White "Fister, Horst Lothar"]
[Black "Smits, Oswald"]
[Result "0-1"]
[WhiteElo "1621"]
[BlackElo "1925"]
[PlyCount "45"]
[EventDate "2014.04.26"]
[EventType "swiss"]
[EventRounds "9"]
[EventCountry "GER"]
[SourceTitle "EXT 2018"]
[Source "ChessBase"]
[SourceDate "2017.10.13"]
[SourceVersion "1"]
[SourceVersionDate "2017.10.13"]
[SourceQuality "1"]

1. Nf3 d5 2. d4 Nf6 3. e3 Nc6 4. Bd3 Bg4 5. c4 e5 6. dxe5 Nxe5 7. Be2 Bxf3 8. Bxf3 Nxc4 9. 0-0 Be7 10. Nc3 c6 11. b3 Ne5 12. Be2 0-0 13. Bb2 Bd6 14. f4 Ng6 15. Rf3 Qc7 16. Rg3 Bc5 17. Bc1 Nxf4 18. Na4 Nxe2+ 19. Qxe2 Bd6 20. Rh3 Be5 21. Rb1 h5 22. Nb2 Rac8 23. Nd3 0-1

[Event "Wuerttemberg-ch Seniors op 25th"]
[Site "Freudenstadt"]
[Date "2013.07.06"]
[Round "9"]
[White "Smits, Oswald"]
[Black "Gassenmann, Karlheinz"]
[Result "0-1"]
[WhiteElo "1881"]
[BlackElo "1971"]
[PlyCount "62"]
[EventDate "2013.07.06"]
[EventType "swiss"]
[EventRounds "9"]
[EventCountry "GER"]
[SourceTitle "EXT 2019"]
[Source "ChessBase"]
[SourceDate "2018.10.10"]
[SourceVersion "1"]
[SourceVersionDate "2018.10.10"]
[SourceQuality "1"]

1. d4 d5 2. Nf3 Nf6 3. e3 e6 4. Bd3 c5 5. c3 Nc6 6. Nbd2 cxd4 7. exd4 Bd6 8. 0-0 0-0 9. Re1 Qc7 10. Nf1 h6 11. h3 Re8 12. Qc2 Bd7 13. Bd2 b5 14. a3 a6 15. Qd1 e5 16. dxe5 Nxe5 17. Nxe5 Bxe5 18. Rc1 Bc6 19. Qc2 Ne4 20. Bxe4 dxe4 21. Ne3 Rad8 22. Rcd1 Rd3 23. Ng4 Bd6 24. Qc1 f5 25. Ne3 Qf7 26. Nf1 f4 27. Qb1 f3 28. g3 Qh5 29. Qxd3 exd3 30. Rxe8+ Bxe8 31. h4 g5 0-1

[Event "Hessen-ch Seniors op 09th"]
[Site "Bad Sooden-Allendorf"]
[Date "2013.04.23"]
[Round "4"]
[White "Graffenberger, Wilhelm"]
[Black "Smits, Oswald"]
[Result "0-1"]
[WhiteElo "1728"]
[BlackElo "1888"]
[PlyCount "112"]
[EventDate "2013.04.20"]
[EventType "swiss"]
[EventRounds "9"]
[EventCountry "GER"]
[SourceTitle "EXT 2019"]
[Source "ChessBase"]
[SourceDate "2018.10.10"]
[SourceVersion "1"]
[SourceVersionDate "2018.10.10"]
[SourceQuality "1"]

1. Nf3 d5 2. d4 c6 3. e3 Nf6 4. Bd3 Bg4 5. Nbd2 Nbd7 6. h3 Bh5 7. e4 dxe4 8. Nxe4 Nxe4 9. Bxe4 Nf6 10. g4 Nxe4 11. gxh5 Qd5 12. 0-0 Qxh5 13. Ng5 Qxd1 14. Rxd1 Nxg5 15. Bxg5 e6 16. Bh4 Be7 17. Bg3 Rd8 18. c4 0-0 19. Rd3 Rd7 20. Rad1 Rfd8 21. Bf4 b6 22. Be3 Bf6 23. b3 e5 24. d5 cxd5 25. Rxd5 Rxd5 26. cxd5 Be7 27. Kf1 Ba3 28. Ke2 Kf8 29. Kf3 Ke7 30. Ke4 Bd6 31. Rg1 Kf8 32. Rc1 f6 33. h4 g6 34. Rd1 f5+ 35. Kf3 Rc8 36. Bh6+ Kf7 37. Ke2 Rc2+ 38. Rd2 Rxd2+ 39. Kxd2 Bb4+ 40. Ke2 Ke7 41. Kd3 Bc5 42. f3 Bf2 43. Bg5+ Kd6 44. Kc4 a6 45. a4 b5+ 46. axb5 axb5+ 47. Kxb5 Kxd5 48. b4 e4 49. fxe4+ fxe4 50. Ka6 e3 51. b5 e2 52. Bd2 e1Q 53. Bxe1 Bxe1 54. b6 Bg3 55. Ka7 Ke6 56. h5 g5 0-1